|
|
|
|
| LEADER |
00000nam2a2200000 4500 |
| 001 |
164736 |
| 005 |
20231101222513.0 |
| 035 |
|
|
|a (RuTPU)RU\TPU\book\178730
|
| 090 |
|
|
|a 164736
|
| 100 |
|
|
|a 20090910d1981 m y0rusy50 ca
|
| 101 |
0 |
|
|a rus
|
| 102 |
|
|
|a RU
|
| 105 |
|
|
|a a z 001zy
|
| 200 |
0 |
|
|a Т. 1
|
| 210 |
|
|
|d 1981
|
| 215 |
|
|
|a 534 с.
|c ил.
|
| 320 |
|
|
|a Библиогр. в конце глав
|
| 461 |
|
1 |
|0 (RuTPU)RU\TPU\book\15510
|t Основы биохимии
|o пер. с англ.
|o в 3 т.
|f А. Уайт, Ф. Хендлер, Э. Смит [и др.]
|v Т. 1
|d 1981
|
| 606 |
1 |
|
|a Биохимия
|2 stltpush
|3 (RuTPU)RU\TPU\subj\68098
|9 83635
|
| 610 |
1 |
|
|a кровь
|
| 610 |
1 |
|
|a иммунохимия
|
| 610 |
1 |
|
|a гемоглобин
|
| 610 |
1 |
|
|a дыхание
|
| 610 |
1 |
|
|a метаболизм
|
| 610 |
1 |
|
|a почки
|
| 610 |
1 |
|
|a мышцы
|
| 610 |
1 |
|
|a нервная система
|
| 610 |
1 |
|
|a соединительные ткани
|
| 610 |
1 |
|
|a кости
|
| 610 |
1 |
|
|a глаза
|
| 610 |
1 |
|
|a эндокринные железы
|
| 610 |
1 |
|
|a щитовидная железа
|
| 610 |
1 |
|
|a половые железы
|
| 610 |
1 |
|
|a надпочечники
|
| 610 |
1 |
|
|a поджелудочная железа
|
| 610 |
1 |
|
|a гипофиз
|
| 610 |
1 |
|
|a питание
|
| 675 |
|
|
|a 577.1
|v 4
|
| 801 |
|
1 |
|a RU
|b 63413507
|c 20090910
|
| 801 |
|
2 |
|a RU
|b 63413507
|c 20220114
|g RCR
|
| 942 |
|
|
|c BK
|